Statistics for The 45 Presidents

Click here to take the quiz!

General Stats

  • This quiz has been taken 96 times
  • The average score is 33 of 45

Answer Stats

Hint Answer % Correct
1George Washington
100%
6John Quincy Adams
100%
2John Adams
100%
3Thomas Jefferson
96%
16Abraham Lincoln
87%
5James Monroe
87%
43George W Bush
85%
41George H.W Bush
83%
17Andrew Johnson
83%
44Barrack Obama
81%
42Bill Clinton
81%
40Ronald Reagan
81%
36Lyndon B Johnson
81%
32Franklin D Roosevelt
81%
26Theodore Roosevelt
81%
45Donald Trump
81%
7Andrew Jackson
79%
35John F Kennedy
77%
31Herbert Hoover
75%
4James Madison
75%
10John Tyler
75%
39Jimmy Carter
75%
38Gerald R Ford
75%
37Richard Nixon
75%
18Ulysees S Grant
75%
12Zachary Taylor
75%
34Dwight D Eisenhower
74%
8Martin Van Buren
72%
9William Henry Harrison
72%
20James Garfield
70%
27William H Taft
70%
30Calvin Coolidge
68%
23Benjamin Harrison
66%
28Woodrow WIlson
64%
33Harry S Truman
62%
11James K Polk
62%
25William Mckinley
62%
24Grover Cleveland
60%
22Grover Cleveland
60%
21Chester A Arthur
60%
14Franklin Pierce
58%
13Millard Filmore
57%
29Warren G Harding
53%
19Rutherford Hayes
53%
15James Buchanan
42%

Score Distribution

Percentile by Number Answered

Percent of People with Each Score

Your Score History

You have not taken this quiz